| 000 | 00447nam a2200181Ia 4500 | ||
|---|---|---|---|
| 001 | 14785 | ||
| 005 | 20260306164939.0 | ||
| 008 | 260306t2011||||xx |||||||||||||| ||spa|| | ||
| 041 | _aESP | ||
| 082 |
_a519.2 _bR75 |
||
| 100 |
_aRodriguez Muñiz, Luis J. _eAUT |
||
| 245 | 0 | _aMétodos estadísticos para ingeniería | |
| 260 | _c2011 | ||
| 300 |
_axii, 517 páginas : _c26 cm. |
||
| 650 | _aGEN | ||
| 654 | _aCMA | ||
| 942 |
_cLIB _dJUS _fJUS _2ddc _n |
||
| 999 |
_c14785 _d14785 |
||